Espaco e método

Kaydedildi:
Detaylı Bibliyografya
Yazar: Santos, Milton (Yazar)
Materyal Türü: Kitap
Dil:Portekizce
Baskı/Yayın Bilgisi: Sao Paulo Universidade de Sao Paulo 2008
Edisyon:5a. ed
Konular:
Etiketler: Etiketle
Etiket eklenmemiş, İlk siz ekleyin!

MARC

LEADER 00000cam a2200000 a 4500
001 UCF2626
003 CL-VaPUC
008 120830e20080000BL |||||||||||||||||por|d
020 |a 9788531410857 
082 0 4 |a 307.76  |b SAN  |2 21 
100 0 |a Santos, Milton  |e author  |9 564341 
245 1 0 |a Espaco e método 
250 |a 5a. ed 
300 |a 120 p 
942 |c BK 
945 |d 20120830 00:00:00  |a dcastane 
260 |a Sao Paulo  |b Universidade de Sao Paulo  |c 2008 
650 0 |a Geografía urbana  |9 267904 
650 0 |a Sociología urbana  |9 268099 
583 |a last modification  |c 20120830 10:25:00  |k Rodrigo Vera 
999 |c 349167  |d 349165 
952 |0 0  |1 0  |4 0  |6 307_760000000000000_SAN_2008  |7 0  |8 A  |9 451647  |a BIBING  |b BIBING  |d 2019-11-22  |i 4898583  |o 307.76 SAN 2008  |p 4898583  |r 2025-01-20  |w 2019-11-22  |y BK  |k GEO